000 00699nam a22002057a 4500
003 OSt
005 20220929205643.0
008 220929b |||||||| |||| 00| 0 eng d
020 _a980-238-158-6
040 _cBiblioteca Lado V
082 _a720.1
_bR175i
100 _927
_aRamos, Maria Elena
245 _aIntervenciones en el espacio./
_bLa historia de un proyecto/
260 _aCaracas, Venezuela
_bMuseo de Bellas Artes de Caracas
_c1997
300 _a56p.
_c22x28cm
650 _2Tesauro de Arte & Arquitectura
_aMUSEO
650 _2Tesauro de Arte & Arquitectura
_aARTE
650 _2Tesauro de Arte & Arquitectura
_aARQUITECTURA
942 _2ddc
_c1
_h720.1
_iR175i
_n0
999 _c2137
_d2137